00386nam a2200145Ia 4500008004100000020001500041041001200056100002000068245006300088250000800151260004000159300000900199650001600208700001600224221030s9999 xx 000 0 und d a9332901384 aEnglish aA. Silberschatz 0aDatabase Systems Conceptscby A. Silberschatz, H. F. Korth a6th bMcGraw - Hill Pub.aNew Delhic2013 a1349 aBE Computer aH. F. Korth